| 000 | 00511nam a22001817a 4500 | ||
|---|---|---|---|
| 005 | 20250124115102.0 | ||
| 008 | 250124b |||||||| |||| 00| 0 eng d | ||
| 020 | _a9780071263764 | ||
| 050 |
_aHM1261 _bLEA |
||
| 100 | _aPierce, Jhon, L. | ||
| 245 |
_aLeaders and the leadership process; _breadings, self-assessments and application |
||
| 250 | _a5th | ||
| 260 |
_aBoston _bMcGraw-Hill _cc2008 |
||
| 300 |
_axlvi,530p; _bill.; |
||
| 500 | _aincludes index | ||
| 700 | _aNewstrom, Jhon W. | ||
| 942 |
_2lcc _cBK _n0 |
||
| 999 |
_c2992 _d2992 |
||